000
00244nam a22001217a 4500
041
_a
ENG
100
_a
Machines .A,C
245
_a
Performance And Design
260
_a
Delhi
_b
Low-Priced
_c
1998
300
_a
664
650
_a
48
856
_u
48
999
_c
3098
_d
3098